[Event "IECC CL3-2007.15 email"]
[Site "IECC email"]
[Date "2008.01.18"]
[Round "?"]
[White "Maggiora, Aldo"]
[Black "Luers, Chuck"]
[Result "1/2-1/2"]
[WhiteElo "1663"]
[BlackElo "1934"]
[PlyCount "62"]
[EventDate "2007.??.??"]
[EventType "tourn (corr)"]
[EventRounds "4"]
[SourceTitle "Corr 2013"]
[Source "ChessBase"]
[SourceDate "2012.11.12"]
[SourceVersion "1"]
[SourceVersionDate "2012.11.12"]
[SourceQuality "1"]
[WhiteTeam "Italy"]
[BlackTeam "Uruguay"]
[WhiteTeamCountry "ITA"]
[BlackTeamCountry "URU"]

1. e4 e5 2. Nf3 Nc6 3. d4 exd4 4. Nxd4 Bc5 5. Be3 Qf6 6. c3 Nge7 7. Qf3 Nxd4 8. Qxf6 Nc2+ 9. Kd2 Bxe3+ 10. fxe3 gxf6 11. Kxc2 d6 12. Nd2 Rg8 13. Bb5+ c6 14. Bf1 Be6 15. g3 Ng6 16. Be2 Ne5 17. Raf1 Ke7 18. Rf4 Rg5 19. Rhf1 Bg4 20. Nf3 Rag8 21. b3 Rh5 22. Rf2 Bxf3 23. Bxf3 Nxf3 24. R4xf3 Rg6 25. h4 Rhh6 26. Kd3 Rg4 27. Rh2 Rhg6 28. Rh3 Ke6 29. a4 a5 30. Kd4 b6 31. Kd3 Ke7 1/2-1/2

[Event "IECC CL3-2007.04 email"]
[Site "IECC email"]
[Date "2007.03.26"]
[Round "?"]
[White "Broyles, Jack"]
[Black "Luers, Chuck"]
[Result "1-0"]
[WhiteElo "2080"]
[BlackElo "1944"]
[PlyCount "121"]
[EventDate "2007.??.??"]
[EventType "tourn (corr)"]
[EventRounds "4"]
[SourceTitle "Corr 2011"]
[Source "ChessBase"]
[SourceDate "2010.08.31"]
[SourceVersion "1"]
[SourceVersionDate "2010.08.31"]
[SourceQuality "1"]
[WhiteTeam "Italy"]
[BlackTeam "Chile"]
[WhiteTeamCountry "ITA"]
[BlackTeamCountry "CHI"]

1. e4 c5 2. Nf3 d6 3. d4 cxd4 4. Nxd4 Nf6 5. Nc3 Nc6 6. f3 e5 7. Nb3 Be7 8. Be3 0-0 9. Qd2 a5 10. Bb5 Na7 11. Be2 Nc6 12. 0-0 a4 13. Nc1 Qa5 14. a3 Be6 15. b4 axb3 16. Nxb3 Qc7 17. Nb5 Qc8 18. Nxd6 Qb8 19. Nb5 Rd8 20. Qc3 Nh5 21. g3 Nd4 22. Bxd4 exd4 23. Qc7 Bxb3 24. cxb3 Qxc7 25. Nxc7 Rxa3 26. Nd5 Rxa1 27. Nxe7+ Kf8 28. Rxa1 Kxe7 29. Bc4 g5 30. Kf2 Ng7 31. Ra7 Rd7 32. Bd5 Ne6 33. Rxb7 Rxb7 34. Bxb7 Nc5 35. Bd5 Nd3+ 36. Ke2 Nb4 37. Bc4 f6 38. Kd2 h6 39. Kc1 Kd6 40. f4 gxf4 41. gxf4 Kc5 42. Kd2 Kc6 43. e5 fxe5 44. fxe5 Kc7 45. Bb5 Kd8 46. e6 Ke7 47. Bc4 h5 48. Ke2 h4 49. Kf3 d3 50. Ke3 Kd6 51. h3 Ke7 52. Kd2 Kd6 53. Kc3 Nc6 54. Kxd3 Ke5 55. Bb5 Ne7 56. Bd7 Nd5 57. Ke2 Kd6 58. Kf3 Nf6 59. Kf4 Nd5+ 60. Kg4 Ke7 61. Kxh4 1-0

[Event "IECC CL3-2007.04 email"]
[Site "IECC email"]
[Date "2007.03.26"]
[Round "?"]
[White "Nett, Philipp"]
[Black "Luers, Chuck"]
[Result "1/2-1/2"]
[WhiteElo "1912"]
[BlackElo "1935"]
[PlyCount "50"]
[EventDate "2007.??.??"]
[EventType "tourn (corr)"]
[EventRounds "4"]
[SourceTitle "Corr 2008"]
[Source "ChessBase"]
[SourceDate "2008.06.24"]
[SourceVersion "1"]
[SourceVersionDate "2008.06.24"]
[SourceQuality "1"]
[WhiteTeam "Switzerland"]
[BlackTeam "US of America"]
[WhiteTeamCountry "SUI"]
[BlackTeamCountry "USA"]

1. d4 Nf6 2. c4 g6 3. Nc3 d5 4. Nf3 Bg7 5. Bg5 Ne4 6. cxd5 Nxg5 7. Nxg5 e6 8. Qa4+ c6 9. dxc6 Nxc6 10. Nf3 Bd7 11. Qd1 Qb6 12. e3 Qxb2 13. Qc1 Qxc1+ 14. Rxc1 e5 15. d5 Ne7 16. Rb1 Rb8 17. Ng5 0-0 18. Nge4 Rfd8 19. Nc5 e4 20. N3xe4 Nxd5 21. Nxd7 Rxd7 22. Bc4 Nc3 23. Nxc3 Bxc3+ 24. Ke2 Rd2+ 25. Kf3 Rc8 1/2-1/2

[Event "IECC CL3-2006.12 email"]
[Site "IECC email"]
[Date "2006.09.28"]
[Round "?"]
[White "Dvoinikov, Andrey Nikolaevich"]
[Black "Luers, Chuck"]
[Result "1-0"]
[WhiteElo "1987"]
[BlackElo "1925"]
[PlyCount "55"]
[EventDate "2006.??.??"]
[EventType "tourn (corr)"]
[EventRounds "4"]
[SourceTitle "Corr 2015"]
[Source "ChessBase"]
[SourceDate "2015.07.17"]
[SourceVersion "1"]
[SourceVersionDate "2015.07.17"]
[SourceQuality "1"]
[WhiteTeam "Russia"]
[BlackTeam "US of America"]
[WhiteTeamCountry "RUS"]
[BlackTeamCountry "USA"]

1. e4 c5 2. Nf3 d6 3. d4 cxd4 4. Nxd4 Nf6 5. Nc3 a6 6. Be3 Ng4 7. Bg5 h6 8. Bh4 g5 9. Bg3 Bg7 10. h3 Ne5 11. f3 Nbc6 12. Bf2 Ng6 13. Qd2 Qa5 14. 0-0-0 Bd7 15. Kb1 Rc8 16. g3 Nxd4 17. Bxd4 Bxd4 18. Qxd4 Qe5 19. Qf2 Rxc3 20. bxc3 Qxc3 21. Rd3 Qa5 22. Qe3 0-0 23. Ra3 Ba4 24. Qc3 Qb6+ 25. Qb2 Qa5 26. c3 b5 27. h4 gxh4 28. gxh4 1-0

[Event "IECC CL3-2006.01 email"]
[Site "IECC email"]
[Date "2006.02.02"]
[Round "?"]
[White "Azevedo, Paulo JS"]
[Black "Luers, Chuck"]
[Result "0-1"]
[WhiteElo "1896"]
[BlackElo "1931"]
[PlyCount "30"]
[EventDate "2006.??.??"]
[EventType "tourn (corr)"]
[EventRounds "4"]
[SourceTitle "Corr 2015"]
[Source "ChessBase"]
[SourceDate "2015.07.17"]
[SourceVersion "1"]
[SourceVersionDate "2015.07.17"]
[SourceQuality "1"]

1. d4 Nf6 2. c4 g6 3. Nc3 d5 4. cxd5 Nxd5 5. e4 Nxc3 6. bxc3 Bg7 7. Nf3 c5 8. Rb1 0-0 9. Be2 b6 10. 0-0 Bb7 11. Qd3 Ba6 12. Qe3 cxd4 13. cxd4 Qd7 14. Bxa6 Nxa6 15. Qa3 Nc7 0-1

[Event "IECC CL3-2006.01 email"]
[Site "IECC email"]
[Date "2006.02.02"]
[Round "?"]
[White "Luers, Chuck"]
[Black "Bertel, Michael"]
[Result "0-1"]
[WhiteElo "1956"]
[BlackElo "1830"]
[PlyCount "48"]
[EventDate "2006.??.??"]
[EventType "tourn (corr)"]
[EventRounds "4"]
[SourceTitle "Corr 2015"]
[Source "ChessBase"]
[SourceDate "2015.07.17"]
[SourceVersion "1"]
[SourceVersionDate "2015.07.17"]
[SourceQuality "1"]

1. e4 e5 2. Nf3 Nc6 3. Bb5 a6 4. Ba4 b5 5. Bb3 Na5 6. 0-0 Nxb3 7. axb3 Nf6 8. Nxe5 Bb7 9. Re1 Be7 10. d3 0-0 11. Nf3 d5 12. e5 Nd7 13. Nd4 Re8 14. Nf5 Bf8 15. d4 c5 16. Qg4 Kh8 17. Bf4 g6 18. Nh6 Re7 19. dxc5 Bg7 20. e6 Qe8 21. Nxf7+ Qxf7 22. Nd2 Qe8 23. Bd6 Nf6 24. Bxe7 Nxg4 0-1

[Event "IECC CL3-2001.08"]
[Site "IECC email"]
[Date "2001.02.28"]
[Round "?"]
[White "Endean, Andrew"]
[Black "Luers, Chuck"]
[Result "1/2-1/2"]
[WhiteElo "1944"]
[BlackElo "1962"]
[PlyCount "113"]
[EventDate "2001.??.??"]
[EventType "tourn (corr)"]
[EventRounds "4"]
[SourceTitle "Corr 2008"]
[Source "ChessBase"]
[SourceDate "2008.06.24"]
[SourceVersion "1"]
[SourceVersionDate "2008.06.24"]
[SourceQuality "1"]

1. c4 e5 2. Nc3 Nf6 3. Nf3 Nc6 4. g3 Bb4 5. Bg2 0-0 6. 0-0 e4 7. Ng5 Bxc3 8. bxc3 Re8 9. f3 exf3 10. Nxf3 d5 11. d4 Ne4 12. Qc2 dxc4 13. Rb1 f5 14. g4 fxg4 15. Ne5 Nxe5 16. Bxe4 Ng6 17. Bxg6 hxg6 18. Qxg6 Qd7 19. e4 Re6 20. Qf5 Qe8 21. Qd5 Qg6 22. Rf4 g3 23. h4 c6 24. Qg5 b5 25. Kg2 Bd7 26. Qxg6 Rxg6 27. Ba3 a5 28. Be7 b4 29. Bg5 Rb8 30. Kxg3 b3 31. Rb2 a4 32. a3 Re6 33. Kf3 Rbe8 34. Ke3 Bc8 35. Rg2 Rg6 36. Kd2 Kh7 37. h5 Rge6 38. Rf7 Rxe4 39. Bf6 Re2+ 40. Rxe2 Rxe2+ 41. Kxe2 b2 42. Rxg7+ Kh6 43. Rg1 Bf5 44. Ke3 Kxh5 45. Kf4 b1Q 46. Rxb1 Bxb1 47. Ke5 Kg4 48. Kd6 Be4 49. Kc5 Kf5 50. Be5 Bd5 51. Kb4 Ke6 52. Bg7 Kd7 53. Kxa4 Kc7 54. Ka5 Kb7 55. Kb4 Ka6 56. Be5 Kb6 57. a4 1/2-1/2

[Event "IECC CL2-2000.10"]
[Site "IECC email"]
[Date "2000.01.28"]
[Round "?"]
[White "Draba, Henryk"]
[Black "Luers, Chuck"]
[Result "1-0"]
[WhiteElo "1944"]
[BlackElo "2007"]
[PlyCount "75"]
[EventDate "2000.??.??"]
[EventType "tourn (corr)"]
[EventRounds "4"]
[SourceTitle "Corr 2008"]
[Source "ChessBase"]
[SourceDate "2008.06.24"]
[SourceVersion "1"]
[SourceVersionDate "2008.06.24"]
[SourceQuality "1"]

1. d4 d5 2. c4 dxc4 3. Nf3 Nf6 4. e3 b5 5. a4 c6 6. axb5 cxb5 7. b3 cxb3 8. Bxb5+ Bd7 9. Qxb3 e6 10. 0-0 Bxb5 11. Qxb5+ Qd7 12. Nc3 a6 13. Qxd7+ Nbxd7 14. Nb5 Nd5 15. e4 N7b6 16. exd5 axb5 17. Rxa8+ Nxa8 18. dxe6 fxe6 19. Bf4 Be7 20. Ra1 0-0 21. Ra7 Bf6 22. Rb7 Bxd4 23. Nxd4 Rxf4 24. Nxe6 Rf6 25. Rxg7+ Kh8 26. Re7 h5 27. g3 b4 28. Nf4 Nb6 29. Re4 b3 30. Rb4 h4 31. Rxb3 hxg3 32. fxg3 Kh7 33. h4 Kh6 34. Rb4 Nd7 35. g4 Rd6 36. g5+ Kh7 37. h5 Ne5 38. Rb5 1-0

[Event "IECC CL2-2000.10"]
[Site "IECC email"]
[Date "2000.01.28"]
[Round "?"]
[White "Ventimiglia, Charles"]
[Black "Luers, Chuck"]
[Result "1-0"]
[WhiteElo "1990"]
[BlackElo "2024"]
[PlyCount "69"]
[EventDate "2000.??.??"]
[EventType "tourn (corr)"]
[EventRounds "4"]
[SourceTitle "Corr 2008"]
[Source "ChessBase"]
[SourceDate "2008.06.24"]
[SourceVersion "1"]
[SourceVersionDate "2008.06.24"]
[SourceQuality "1"]

1. d4 d5 2. Nc3 Nf6 3. Bg5 Nbd7 4. Nf3 e6 5. e4 h6 6. Bxf6 Nxf6 7. e5 Ne4 8. Qd3 Nxc3 9. Qxc3 Bd7 10. Bd3 c5 11. 0-0 Rc8 12. a4 cxd4 13. Qxd4 Bc5 14. Qg4 0-0 15. h3 f5 16. Qf4 g5 17. Qd2 a5 18. c3 Qe8 19. Nd4 Qg6 20. f4 gxf4 21. Rxf4 Be7 22. Rf3 Bg5 23. Qf2 Qf7 24. Kh1 Qe7 25. Nb3 b6 26. Nd4 Kh8 27. Rf1 h5 28. g4 hxg4 29. hxg4 Qh7+ 30. Qh2 Qxh2+ 31. Kxh2 Rf7 32. Rh3+ Rh7 33. Rxh7+ Kxh7 34. gxf5 exf5 35. Rxf5 1-0